| 000 | 00491nam a2200157Ia 4500 | ||
|---|---|---|---|
| 999 |
_c15088 _d15088 |
||
| 082 | _aTA.0053 | ||
| 100 | _aAwasthi, N.N. | ||
| 245 | 0 | _aImpact of family welfare programme on middle class families: with special reference to Jhansi Urban | |
| 260 |
_c1980 _bAgra University |
||
| 300 | _a263 | ||
| 650 | _aIntrauterine contraceptive | ||
| 650 |
_aFamily planning _zIndia _zJhansi (Uttar Pradesh) |
||
| 650 | _aCommunication in family planning | ||
| 710 | _aSharma, J.S. | ||
| 942 |
_cTH _2ddc |
||